[Event "Florianopolis op 9th"]
[Site "Florianopolis"]
[Date "2023.01.27"]
[Round "7"]
[White "Souza, Atahander"]
[Black "Fernandes Filho, Bergson Fragoso"]
[Result "0-1"]
[WhiteElo "1882"]
[BlackElo "2113"]
[PlyCount "66"]
[EventDate "2023.01.23"]
[EventType "swiss"]
[EventRounds "10"]
[EventCountry "BRA"]
[SourceTitle "CBM 212 Extra"]
[Source "ChessBase"]
[SourceDate "2023.03.31"]
[SourceVersion "1"]
[SourceVersionDate "2023.03.31"]
[SourceQuality "1"]

1. b3 d5 2. e3 c5 3. Bb2 Nc6 4. f4 Nf6 5. Nf3 a6 6. Be2 d4 7. 0-0 Bf5 8. Nh4 Bd7 9. Qe1 Qc7 10. c3 dxe3 11. dxe3 e5 12. Nd2 Be7 13. fxe5 Nxe5 14. Qg3 0-0-0 15. Nc4 Nxc4 16. Qxc7+ Kxc7 17. Bxc4 Ng4 18. Nf5 Bxf5 19. Rxf5 f6 20. Rf4 Ne5 21. Bf1 Rd2 22. Bc1 Rd1 23. Kf2 Rhd8 24. Be2 Nd3+ 25. Bxd3 R1xd3 26. c4 Rc3 27. Ke1 Rc2 28. Rf2 Rd1+ 29. Kxd1 Rxf2 30. Bd2 Rxg2 31. Be1 Bd6 32. h4 Be5 33. Rb1 Rxa2 0-1

[Event "Florianopolis op 9th"]
[Site "Florianopolis"]
[Date "2023.01.25"]
[Round "4"]
[White "Moyses Sobrinho, Elias"]
[Black "Fernandes Filho, Bergson Fragoso"]
[Result "1/2-1/2"]
[WhiteElo "1852"]
[BlackElo "2113"]
[PlyCount "94"]
[EventDate "2023.01.23"]
[EventType "swiss"]
[EventRounds "10"]
[EventCountry "BRA"]
[SourceTitle "CBM 212 Extra"]
[Source "ChessBase"]
[SourceDate "2023.03.31"]
[SourceVersion "1"]
[SourceVersionDate "2023.03.31"]
[SourceQuality "1"]

1. d4 Nf6 2. c4 c5 3. d5 b5 4. cxb5 a6 5. bxa6 d6 6. Nc3 g6 7. e4 Bg7 8. Bb5+ Nbd7 9. Nge2 0-0 10. 0-0 Bxa6 11. Bxa6 Rxa6 12. Qc2 Qa8 13. b3 Rc8 14. Bb2 c4 15. f3 Ne5 16. Nb5 Rxa2 17. Rxa2 Qxa2 18. Rc1 Rc5 19. Bxe5 cxb3 20. Qxa2 bxa2 21. Rxc5 dxc5 22. Ba1 Nxe4 23. Nbc3 Nd2 24. Nc1 Bd4+ 25. Kh1 Nc4 26. N1xa2 f5 27. Nc1 Kf7 28. Nb3 Ne3 29. Na4 Bxa1 30. Nxa1 c4 31. Nc3 f4 32. Kg1 Kf6 33. Kf2 Ke5 34. g3 fxg3+ 35. hxg3 Nxd5 36. Nxd5 Kxd5 37. Ke3 e5 38. Nc2 h5 39. f4 Ke6 40. Ke4 exf4 41. Kxf4 c3 42. Ne3 Kf7 43. Ke4 Kf6 44. Nd5+ Kg5 45. Nxc3 Kg4 46. Ne2 g5 47. Ke3 h4 1/2-1/2

[Event "Florianopolis op 7th"]
[Site "Florianopolis"]
[Date "2021.01.24"]
[Round "10"]
[White "Fernandes Filho, Bergson Fragoso"]
[Black "Da Cunha, Gastao"]
[Result "1-0"]
[WhiteElo "2128"]
[BlackElo "1372"]
[PlyCount "67"]
[EventDate "2021.01.18"]
[EventType "swiss"]
[EventRounds "10"]
[EventCountry "BRA"]
[SourceTitle "CBM 200 Extra"]
[Source "ChessBase"]
[SourceDate "2021.03.31"]
[SourceVersion "1"]
[SourceVersionDate "2021.03.31"]
[SourceQuality "1"]

1. e4 e6 2. d3 d6 3. Nf3 Nf6 4. Be2 Be7 5. 0-0 0-0 6. c4 b6 7. Nc3 Bb7 8. h3 c5 9. Bf4 Nc6 10. Re1 a6 11. Qd2 Re8 12. Bh2 Nd4 13. Bd1 Rc8 14. Nxd4 cxd4 15. Ne2 e5 16. f4 Nd7 17. b4 g5 18. fxe5 dxe5 19. Rf1 Rc6 20. Bb3 Rg6 21. c5 Rf8 22. Rf5 g4 23. Raf1 Rg7 24. hxg4 Bg5 25. Qe1 Be3+ 26. Kh1 Rxg4 27. Rxf7 Rxf7 28. Rxf7 Kh8 29. Rxd7 Qxd7 30. Bxe5+ Rg7 31. Qg3 h6 32. Be6 Qe7 33. Bxg7+ Qxg7 34. Qb8+ 1-0

[Event "Florianopolis op 7th"]
[Site "Florianopolis"]
[Date "2021.01.20"]
[Round "4"]
[White "Araujo, Everson de Moura"]
[Black "Fernandes Filho, Bergson Fragoso"]
[Result "0-1"]
[WhiteElo "1922"]
[BlackElo "2128"]
[PlyCount "60"]
[EventDate "2021.01.18"]
[EventType "swiss"]
[EventRounds "10"]
[EventCountry "BRA"]
[SourceTitle "CBM 200 Extra"]
[Source "ChessBase"]
[SourceDate "2021.03.31"]
[SourceVersion "1"]
[SourceVersionDate "2021.03.31"]
[SourceQuality "1"]

1. c4 Nf6 2. Nc3 d5 3. cxd5 Nxd5 4. Nf3 g6 5. d3 Bg7 6. Bd2 0-0 7. g3 b6 8. Bg2 Bb7 9. 0-0 c5 10. Qb3 Nc7 11. Bf4 Nc6 12. Rfd1 Ne6 13. Be3 Qb8 14. Rac1 Rd8 15. a3 h6 16. Qa4 Ncd4 17. Bxd4 Nxd4 18. Nxd4 Rxd4 19. Qc2 Bxg2 20. Kxg2 Qb7+ 21. Kg1 Rad8 22. Nb1 h5 23. Nd2 h4 24. Nf3 h3 25. b4 cxb4 26. e4 bxa3 27. Qb3 Qd7 28. Ne1 Qa4 29. Rc3 a2 30. Nc2 Rxe4 0-1

[Event "Florianopolis op 4th"]
[Site "Florianopolis"]
[Date "2018.01.22"]
[Round "6"]
[White "Fernandes Filho, Bergson Fragoso"]
[Black "Santos, Marcus Vinicius M"]
[Result "0-1"]
[WhiteElo "2108"]
[BlackElo "2402"]
[PlyCount "122"]
[EventDate "2018.01.19"]
[EventType "swiss"]
[EventRounds "10"]
[EventCountry "BRA"]
[SourceTitle "EXT 2019"]
[Source "ChessBase"]
[SourceDate "2018.10.10"]
[SourceVersion "1"]
[SourceVersionDate "2018.10.10"]
[SourceQuality "1"]

1. b3 g6 2. Bb2 Nf6 3. e3 Bg7 4. f4 0-0 5. Nf3 d6 6. Be2 e5 7. fxe5 Ng4 8. 0-0 Nc6 9. Nc3 dxe5 10. h3 Nf6 11. e4 Nh5 12. Ba3 Re8 13. Bc4 Nf4 14. Nd5 Na5 15. Bb5 c6 16. Nxf4 cxb5 17. Ne2 Be6 18. d3 Rc8 19. Qd2 h6 20. Bb4 Nc6 21. Bc3 Qb6+ 22. Kh1 b4 23. Bb2 Red8 24. Ng3 Qc5 25. Qf2 Qe7 26. Bc1 Rd7 27. Be3 b6 28. Rad1 Rdc7 29. Rd2 Nb8 30. d4 exd4 31. Bxd4 Nc6 32. Bxg7 Kxg7 33. e5 Rd7 34. Rfd1 Rcd8 35. Rxd7 Rxd7 36. Rxd7 Qxd7 37. Kh2 Qd1 38. Ne4 Bd5 39. Qh4 Qxc2 40. Qf6+ Kg8 41. Nd6 Nd4 42. Ne1 Qe2 43. Ne8 Kf8 44. Qd6+ Kxe8 45. Qxd5 Ne6 46. Qa8+ Ke7 47. Qxa7+ Kf8 48. Qa8+ Kg7 49. Nf3 Nf4 50. Nh4 Qxe5 51. Qf3 Ne2+ 52. g3 Nd4 53. Qf2 Qe4 54. g4 Kg8 55. Kg3 Ne2+ 56. Kh2 Qe5+ 57. Kh1 Nc3 58. Nf3 Qe4 59. Kg2 Nd5 60. Qd4 Nf4+ 61. Kg3 Ne2+ 0-1

[Event "Maranhense-ch"]
[Site "Sao Luis"]
[Date "2016.01.16"]
[Round "4"]
[White "Fernandes Filho, Bergson Fragoso"]
[Black "Mello Sales, Caio de"]
[Result "0-1"]
[WhiteElo "2132"]
[BlackElo "1914"]
[PlyCount "78"]
[EventDate "2016.01.15"]
[EventType "swiss"]
[EventRounds "6"]
[EventCountry "BRA"]
[SourceTitle "CBM 170 Extra"]
[Source "ChessBase"]
[SourceDate "2016.02.25"]
[SourceVersion "1"]
[SourceVersionDate "2016.02.25"]
[SourceQuality "1"]

1. e4 c5 2. Nf3 e6 3. b3 Nc6 4. Bb2 d6 5. d4 cxd4 6. Nxd4 Nf6 7. Nxc6 bxc6 8. Bd3 e5 9. 0-0 Be7 10. Nd2 Be6 11. Qe2 0-0 12. Nc4 Nd7 13. Rad1 Nc5 14. Ne3 Nxd3 15. Rxd3 Qa5 16. a4 f5 17. exf5 Bxf5 18. Nxf5 Rxf5 19. Qe4 Raf8 20. Qe2 Qc5 21. Re3 Bg5 22. Re4 Bf4 23. Qc4+ Qxc4 24. Rxc4 Be3 25. g4 Rxf2 26. Rxf2 Bxf2+ 27. Kg2 c5 28. Re4 Bd4 29. Bxd4 cxd4 30. Re2 Rf4 31. Kg3 Kf7 32. h4 h6 33. h5 Kf6 34. Rf2 Rxf2 35. Kxf2 e4 36. Ke2 Ke5 37. Kd2 Kd5 38. c3 Kc5 39. Kc2 d5 0-1

[Event "Maranhense-ch"]
[Site "Sao Luis"]
[Date "2016.01.16"]
[Round "3"]
[White "Luz, Edmundo Reis"]
[Black "Fernandes Filho, Bergson Fragoso"]
[Result "1-0"]
[WhiteElo "2125"]
[BlackElo "2132"]
[PlyCount "91"]
[EventDate "2016.01.15"]
[EventType "swiss"]
[EventRounds "6"]
[EventCountry "BRA"]
[SourceTitle "CBM 170 Extra"]
[Source "ChessBase"]
[SourceDate "2016.02.25"]
[SourceVersion "1"]
[SourceVersionDate "2016.02.25"]
[SourceQuality "1"]

1. e4 e5 2. Nf3 Nc6 3. Bb5 a6 4. Ba4 Nf6 5. 0-0 Nxe4 6. Re1 Nc5 7. Bxc6 dxc6 8. Nxe5 Be7 9. b3 0-0 10. d4 Ne6 11. Bb2 Re8 12. c4 Bf6 13. Na3 Nf8 14. Nc2 h6 15. f4 Bf5 16. Ne3 Bh7 17. Qf3 Ng6 18. Rad1 Nh4 19. Qh5 Bg6 20. Qg4 h5 21. Qe2 Qc8 22. d5 c5 23. Qf2 Be4 24. d6 cxd6 25. Rxd6 Re6 26. Rd2 Bxe5 27. fxe5 Nxg2 28. Nxg2 Bxg2 29. Qxg2 Rg6 30. Qxg6 fxg6 31. e6 Kh7 32. Rd7 Qg8 33. Rxb7 Re8 34. Rxg7+ Qxg7 35. Bxg7 Kxg7 36. Re5 Kf6 37. Rxc5 Rxe6 38. Kf2 g5 39. b4 Re4 40. a4 Rh4 41. Kg2 Rd4 42. h3 Rd2+ 43. Kf1 Rb2 44. b5 a5 45. h4 gxh4 46. Rxh5 1-0

[Event "Maranhense-ch"]
[Site "Sao Luis"]
[Date "2016.01.15"]
[Round "2"]
[White "Fernandes Filho, Bergson Fragoso"]
[Black "Lopes Pereira, Eder"]
[Result "1-0"]
[WhiteElo "2132"]
[BlackElo "1681"]
[PlyCount "49"]
[EventDate "2016.01.15"]
[EventType "swiss"]
[EventRounds "6"]
[EventCountry "BRA"]
[SourceTitle "CBM 170 Extra"]
[Source "ChessBase"]
[SourceDate "2016.02.25"]
[SourceVersion "1"]
[SourceVersionDate "2016.02.25"]
[SourceQuality "1"]

1. b3 Nf6 2. Bb2 d5 3. e3 g6 4. f4 Bg7 5. Nf3 0-0 6. Be2 c5 7. 0-0 Nc6 8. Ne5 Nxe5 9. Bxe5 Ne8 10. Bxg7 Kxg7 11. d3 e5 12. fxe5 Qg5 13. Qd2 Qxe5 14. d4 cxd4 15. exd4 Qd6 16. c4 Nf6 17. Nc3 a6 18. c5 Qc7 19. Rxf6 Be6 20. Raf1 Rae8 21. Bd3 Qe7 22. Qf2 a5 23. Nb5 Bf5 24. Rxf5 gxf5 25. Nd6 1-0

[Event "Belem Velha op 3rd"]
[Site "Belem"]
[Date "2015.05.02"]
[Round "4"]
[White "Alboredo, Julia"]
[Black "Fernandes Filho, Bergson Fragoso"]
[Result "1/2-1/2"]
[WhiteElo "2019"]
[BlackElo "2129"]
[PlyCount "90"]
[EventDate "2015.04.30"]
[EventType "swiss"]
[EventRounds "7"]
[EventCountry "BRA"]
[SourceTitle "CBM 166 Extra"]
[Source "ChessBase"]
[SourceDate "2015.06.18"]
[SourceVersion "1"]
[SourceVersionDate "2015.06.18"]
[SourceQuality "1"]

1. e4 d6 2. d4 Nf6 3. Nc3 g6 4. Be3 Ng4 5. Bc1 Bg7 6. f3 Nf6 7. Be3 0-0 8. Qd2 c6 9. 0-0-0 b5 10. g4 b4 11. Nce2 Qa5 12. Kb1 c5 13. dxc5 dxc5 14. g5 Be6 15. Nc1 Nh5 16. Nb3 Bxb3 17. cxb3 Nc6 18. Qc1 Nd4 19. f4 Qb6 20. Qc4 a5 21. Ne2 Rfd8 22. e5 Qb7 23. Rg1 Qe4+ 24. Rd3 Rac8 25. Bg2 Qf5 26. Bxd4 Nxf4 27. Nxf4 Rxd4 28. Nd5 Kf8 29. Bh3 Qxd3+ 30. Qxd3 Rxd3 31. Bxc8 Rxd5 32. e6 f5 33. gxf6 Bxf6 34. Rg2 Rd1+ 35. Kc2 Ra1 36. Rd2 Rxa2 37. Kb1 Rxb2+ 38. Rxb2 Bxb2 39. Kxb2 Kg7 40. Kc2 Kf6 41. Kd3 Ke5 42. Kc4 Kd6 43. Bb7 Kc7 44. Bg2 Kd6 45. Bh3 h5 1/2-1/2

[Event "Maraba op 2nd"]
[Site "Maraba"]
[Date "2015.04.25"]
[Round "4"]
[White "Do Nascimento, Pablo Salermo M"]
[Black "Fernandes Filho, Bergson Fragoso"]
[Result "1-0"]
[WhiteElo "2007"]
[BlackElo "2136"]
[PlyCount "65"]
[EventDate "2015.04.24"]
[EventType "swiss"]
[EventRounds "6"]
[EventCountry "BRA"]
[SourceTitle "CBM 166 Extra"]
[Source "ChessBase"]
[SourceDate "2015.06.18"]
[SourceVersion "1"]
[SourceVersionDate "2015.06.18"]
[SourceQuality "1"]

1. e4 c5 2. Nf3 d6 3. d4 cxd4 4. Nxd4 Nf6 5. Nc3 a6 6. Be2 g6 7. Be3 Bg7 8. Qd2 Nc6 9. 0-0-0 0-0 10. f3 Bd7 11. g4 Rc8 12. h4 Ne5 13. h5 Nc4 14. Bxc4 Rxc4 15. hxg6 fxg6 16. g5 Nh5 17. Nf5 Be6 18. Nxg7 Kxg7 19. b3 Rc8 20. f4 Qa5 21. f5 Kg8 22. Kb2 Bf7 23. Nd5 Qd8 24. f6 Bxd5 25. Qxd5+ Rf7 26. e5 Qc7 27. e6 Rxf6 28. gxf6 Qc3+ 29. Ka3 Qxe3 30. Rxh5 Qb6 31. fxe7 gxh5 32. Qg5+ Kh8 33. Qf6+ 1-0

[Event "Maraba op 2nd"]
[Site "Maraba"]
[Date "2015.04.24"]
[Round "2"]
[White "Luz Silva, Claudio Luis Olivei"]
[Black "Fernandes Filho, Bergson Fragoso"]
[Result "0-1"]
[WhiteElo "1792"]
[BlackElo "2136"]
[PlyCount "136"]
[EventDate "2015.04.24"]
[EventType "swiss"]
[EventRounds "6"]
[EventCountry "BRA"]
[SourceTitle "CBM 166 Extra"]
[Source "ChessBase"]
[SourceDate "2015.06.18"]
[SourceVersion "1"]
[SourceVersionDate "2015.06.18"]
[SourceQuality "1"]

1. Nf3 d5 2. g3 Nf6 3. Bg2 g6 4. 0-0 Bg7 5. d3 0-0 6. Nbd2 c5 7. c3 Nc6 8. e4 Bg4 9. h3 Bxf3 10. Bxf3 Ne5 11. Be2 dxe4 12. dxe4 Nd3 13. Qc2 Nxc1 14. Raxc1 Qd7 15. Kg2 Rad8 16. Nc4 Qc7 17. a4 b6 18. Rcd1 h5 19. f4 a6 20. Bf3 e6 21. e5 Nd5 22. Rfe1 h4 23. Nd6 hxg3 24. Bxd5 exd5 25. Rxd5 Qe7 26. Qe4 f6 27. Kxg3 fxe5 28. fxe5 Qe6 29. c4 g5 30. Rd3 Kh8 31. Qd5 Qg6 32. Qe4 Qe6 33. Rd5 Rd7 34. Re2 Rf4 35. Qe3 Rh4 36. Kh2 g4 37. Qg5 Rxh3+ 38. Kg2 g3 39. Nf5 Rh2+ 40. Kf1 Rf7 41. Rd8+ Kh7 42. Rxh2+ gxh2 43. Qh5+ Qh6 44. Qxh6+ Bxh6 45. Kg2 Rxf5 46. Kxh2 Bf4+ 47. Kh3 Bxe5 48. Kg4 Rf4+ 49. Kh5 Rxc4 50. Rd7+ Bg7 51. Rb7 Rb4 52. a5 bxa5 53. Ra7 Rxb2 54. Rxa6 Rb5 55. Kg4 c4 56. Rc6 c3 57. Kf3 Rd5 58. Ke2 Rd2+ 59. Ke1 Rd7 60. Rc4 Bh6 61. Ke2 Rd2+ 62. Ke1 Ra2 63. Rc7+ Kg8 64. Kd1 Rd2+ 65. Ke1 c2 66. Rc8+ Kf7 67. Rc7+ Ke8 68. Rc4 Rd1+ 0-1

[Event "Maranhenses-ch"]
[Site "Sao Luis"]
[Date "2014.12.??"]
[Round "2"]
[White "Lopes Pereira, Eder"]
[Black "Fernandes Filho, Bergson Fragoso"]
[Result "1/2-1/2"]
[WhiteElo "1691"]
[BlackElo "2136"]
[PlyCount "35"]
[EventDate "2014.12.05"]
[EventType "swiss"]
[EventRounds "5"]
[EventCountry "BRA"]
[SourceTitle "EXT 2022"]
[Source "ChessBase"]
[SourceDate "2021.10.06"]
[SourceVersion "1"]
[SourceVersionDate "2021.10.06"]
[SourceQuality "1"]

1. d4 Nf6 2. c4 e6 3. Nc3 d5 4. Bg5 Be7 5. e3 0-0 6. Nf3 h6 7. Bh4 a6 8. Bd3 dxc4 9. Bxc4 b5 10. Bd3 Bb7 11. Bxf6 Bxf6 12. 0-0 c5 13. Be4 Ra7 14. Bxb7 Rxb7 15. Ne4 cxd4 16. Nxf6+ Qxf6 17. Qxd4 Qxd4 18. Nxd4 1/2-1/2

[Event "BRA-ch Universities"]
[Site "Aracaju"]
[Date "2014.11.02"]
[Round "6"]
[White "Lopes, Adan Cerqueira"]
[Black "Fernandes Filho, Bergson Fragoso"]
[Result "0-1"]
[WhiteElo "2014"]
[BlackElo "2143"]
[PlyCount "122"]
[EventDate "2014.10.30"]
[EventType "swiss"]
[EventRounds "7"]
[EventCountry "BRA"]
[SourceTitle "EXT 2018"]
[Source "ChessBase"]
[SourceDate "2017.10.13"]
[SourceVersion "1"]
[SourceVersionDate "2017.10.13"]
[SourceQuality "1"]

1. e4 e5 2. Nf3 Nc6 3. Bb5 a6 4. Ba4 Nf6 5. 0-0 Nxe4 6. d4 exd4 7. Re1 d5 8. c4 dxc3 9. Nxc3 Be6 10. Nd4 Qd7 11. Nxe4 dxe4 12. Nxc6 bxc6 13. Qc2 0-0-0 14. Bg5 f6 15. Bxc6 Qd3 16. Bxe4 Qxc2 17. Bxc2 Bd5 18. Bf5+ Kb7 19. Bf4 Bb4 20. Red1 c6 21. a3 Ba5 22. Be3 g6 23. Bc2 Bc7 24. Bd4 Be5 25. Bxe5 fxe5 26. f3 Kc7 27. Kf2 Rb8 28. b4 a5 29. bxa5 Rb2 30. Rd2 Ra8 31. Ke3 Rxa5 32. a4 Kb6 33. h4 Rc5 34. Bd3 Rb3 35. Rb1 Rxb1 36. Bxb1 Ka5 37. Rc2 Rxc2 38. Bxc2 Kb4 39. g4 c5 40. f4 exf4+ 41. Kxf4 Bc6 42. Kg5 Bxa4 43. Bb1 Bd7 44. Kh6 Bxg4 45. Kxh7 Bf5 46. Bxf5 gxf5 47. Kg6 f4 48. h5 f3 49. h6 f2 50. h7 f1Q 51. h8Q Qg2+ 52. Kf7 c4 53. Ke6 c3 54. Qd4+ Kb3 55. Qb6+ Kc2 56. Ke5 Qe2+ 57. Kd5 Kc1 58. Qa7 c2 59. Qa1+ Kd2 60. Qb2 Qd3+ 61. Ke6 Kd1 0-1

[Event "BRA-ch Universities"]
[Site "Aracaju"]
[Date "2014.10.31"]
[Round "3"]
[White "Fernandes Filho, Bergson Fragoso"]
[Black "Da Silva, Arthur Moura Viera"]
[Result "1/2-1/2"]
[WhiteElo "2143"]
[BlackElo "2023"]
[PlyCount "32"]
[EventDate "2014.10.30"]
[EventType "swiss"]
[EventRounds "7"]
[EventCountry "BRA"]
[SourceTitle "EXT 2018"]
[Source "ChessBase"]
[SourceDate "2017.10.13"]
[SourceVersion "1"]
[SourceVersionDate "2017.10.13"]
[SourceQuality "1"]

1. e4 c5 2. Nf3 d6 3. Bb5+ Nd7 4. 0-0 a6 5. Bc4 Ngf6 6. Re1 e6 7. a4 Be7 8. Nc3 0-0 9. d3 b6 10. h3 Bb7 11. Bf4 Re8 12. e5 dxe5 13. Nxe5 Nxe5 14. Bxe5 Qd7 15. Re3 Red8 16. Qe2 Ne8 1/2-1/2

[Event "Goiania-ch U26"]
[Site "Goiania"]
[Date "2013.10.27"]
[Round "7"]
[White "Fernandes Filho, Bergson Fragoso"]
[Black "Dos Santos, Jose Genisson Cami"]
[Result "1-0"]
[WhiteElo "2148"]
[BlackElo "2025"]
[PlyCount "49"]
[EventDate "2013.10.24"]
[EventType "swiss"]
[EventRounds "7"]
[EventCountry "BRA"]
[SourceTitle "EXT 2014"]
[Source "ChessBase"]
[SourceDate "2013.11.20"]
[SourceVersion "1"]
[SourceVersionDate "2013.11.20"]
[SourceQuality "1"]

1. e4 c5 2. Nf3 e6 3. c3 Nc6 4. Bb5 Qc7 5. 0-0 Nge7 6. d4 cxd4 7. cxd4 a6 8. Ba4 b5 9. Bb3 Na5 10. Bc2 Bb7 11. b3 Rc8 12. Bd3 Ng6 13. Bd2 Nf4 14. Bxf4 Qxf4 15. Qe2 Be7 16. Nbd2 0-0 17. a4 Rc3 18. axb5 Nxb3 19. Nxb3 Rxb3 20. bxa6 Ba8 21. a7 Rc8 22. g3 Qg4 23. Rfb1 Rxd3 24. Qxd3 Bxe4 25. Rb8 1-0

[Event "Goiania-ch U26"]
[Site "Goiania"]
[Date "2013.10.26"]
[Round "4"]
[White "Fernandes Filho, Bergson Fragoso"]
[Black "Lopes, Adan Cerqueira"]
[Result "1-0"]
[WhiteElo "2148"]
[BlackElo "1990"]
[PlyCount "79"]
[EventDate "2013.10.24"]
[EventType "swiss"]
[EventRounds "7"]
[EventCountry "BRA"]
[SourceTitle "EXT 2014"]
[Source "ChessBase"]
[SourceDate "2013.11.20"]
[SourceVersion "1"]
[SourceVersionDate "2013.11.20"]
[SourceQuality "1"]

1. e4 Nf6 2. e5 Nd5 3. Bc4 Nb6 4. Bb3 d5 5. d4 Bf5 6. Ne2 e6 7. Ng3 Bg6 8. c3 c5 9. 0-0 c4 10. Bc2 Bxc2 11. Qxc2 h5 12. f4 h4 13. Nh1 g6 14. Nf2 Be7 15. b3 Kd7 16. Ba3 Kc7 17. Bxe7 Qxe7 18. Nd2 cxb3 19. axb3 Nc6 20. Nd3 h3 21. g3 Qd8 22. Nc5 Ne7 23. Nf3 Nf5 24. Qd3 Nd7 25. b4 Nb6 26. Ng5 Qe7 27. Rf3 Rh5 28. Kh1 Rxg5 29. fxg5 Qxg5 30. Rg1 a5 31. g4 Nh6 32. Rxf7+ Nxf7 33. Nxe6+ Kd7 34. Nxg5 Nxg5 35. Qxg6 Ne4 36. Rf1 Kc7 37. Rf7+ Nd7 38. b5 Rf8 39. Rxf8 Nxf8 40. Qf7+ 1-0

[Event "Goiania-ch U26"]
[Site "Goiania"]
[Date "2013.10.25"]
[Round "2"]
[White "Fernandes Filho, Bergson Fragoso"]
[Black "Cabral Filho, Valberto Alves"]
[Result "1-0"]
[WhiteElo "2148"]
[BlackElo "1813"]
[PlyCount "139"]
[EventDate "2013.10.24"]
[EventType "swiss"]
[EventRounds "7"]
[EventCountry "BRA"]
[SourceTitle "EXT 2014"]
[Source "ChessBase"]
[SourceDate "2013.11.20"]
[SourceVersion "1"]
[SourceVersionDate "2013.11.20"]
[SourceQuality "1"]

1. e4 e6 2. d4 d5 3. e5 c5 4. c3 Nc6 5. Nf3 Bd7 6. Bd3 cxd4 7. cxd4 Qb6 8. 0-0 Nxd4 9. Nxd4 Qxd4 10. Nc3 Qxe5 11. Re1 Qd6 12. Nb5 Bxb5 13. Bxb5+ Kd8 14. Bd2 Nf6 15. Qa4 Nd7 16. Bf4 e5 17. Bxd7 Qxd7 18. Qxd7+ Kxd7 19. Rxe5 f6 20. Rxd5+ Ke6 21. Rd4 g5 22. Re1+ Kf5 23. Bd2 h5 24. h4 Bh6 25. Rd5+ Kg6 26. hxg5 Bxg5 27. Bxg5 fxg5 28. Ree5 h4 29. Rxg5+ Kf6 30. Rgf5+ Ke6 31. Rfe5+ Kf6 32. Kh2 Rac8 33. Rc5 b6 34. Rxc8 Rxc8 35. Re2 Rc4 36. f3 Kg5 37. Kh3 Rc1 38. Kh2 Rc4 39. Re5+ Kf6 40. Re4 Rc2 41. Rxh4 Rxb2 42. a4 a5 43. Kh3 Kg5 44. Rd4 Rb4 45. Re4 Rxe4 46. fxe4 b5 47. axb5 a4 48. b6 a3 49. b7 a2 50. b8Q a1Q 51. Qg8+ Kh6 52. Qf8+ Kg5 53. Qf5+ Kh6 54. Kh2 Qd4 55. e5 Kg7 56. Kh3 Qe3+ 57. Qf3 Qh6+ 58. Kg3 Qc1 59. Qf6+ Kg8 60. e6 Qc7+ 61. Kh3 Qh7+ 62. Qh4 Qb1 63. Qg5+ Kh8 64. Qf6+ Kg8 65. e7 Qh1+ 66. Kg3 Qe1+ 67. Kh2 Kh7 68. Qf7+ Kh6 69. e8Q Qe5+ 70. g3 1-0

[Event "BRA-chT U26"]
[Site "Foz do Iguacu"]
[Date "2012.10.20"]
[Round "4"]
[White "Fernandes Filho, Bergson Fragoso"]
[Black "Parente, Renan Braz"]
[Result "1-0"]
[WhiteElo "2169"]
[BlackElo "1790"]
[PlyCount "41"]
[EventDate "2012.10.18"]
[EventType "team-swiss"]
[EventRounds "7"]
[EventCountry "BRA"]
[SourceTitle "EXT 2013"]
[Source "ChessBase"]
[SourceDate "2012.11.22"]
[SourceVersion "1"]
[SourceVersionDate "2012.11.22"]
[SourceQuality "1"]

1. e4 e5 2. Nf3 Nc6 3. Bc4 Nf6 4. d3 Bc5 5. 0-0 d6 6. h3 a6 7. a4 0-0 8. Bg5 Nd4 9. Nxd4 Bxd4 10. c3 Ba7 11. Kh1 h6 12. Bh4 Be6 13. Nd2 Qe8 14. Qf3 g5 15. Bg3 g4 16. Qe2 gxh3 17. Bh4 hxg2+ 18. Kxg2 Kh7 19. Qf3 Rg8+ 20. Kh1 Rg6 21. Rg1 1-0

[Event "BRA-chT U26"]
[Site "Foz do Iguacu"]
[Date "2012.10.19"]
[Round "2"]
[White "Fernandes Filho, Bergson Fragoso"]
[Black "Lorenzon, Eduardo Lucas"]
[Result "1-0"]
[WhiteElo "2169"]
[BlackElo "1810"]
[PlyCount "57"]
[EventDate "2012.10.18"]
[EventType "team-swiss"]
[EventRounds "7"]
[EventCountry "BRA"]
[SourceTitle "EXT 2013"]
[Source "ChessBase"]
[SourceDate "2012.11.22"]
[SourceVersion "1"]
[SourceVersionDate "2012.11.22"]
[SourceQuality "1"]

1. e4 e5 2. Nf3 Nc6 3. Bc4 Nf6 4. d3 d5 5. exd5 Nxd5 6. Ng5 f6 7. Ne4 Be6 8. 0-0 Qd7 9. c3 0-0-0 10. b4 Nb6 11. Bxe6 Qxe6 12. a4 f5 13. Ng5 Qg6 14. a5 Nd5 15. b5 Nb8 16. a6 b6 17. c4 Nf4 18. Bxf4 exf4 19. Qf3 Qxg5 20. Qb7+ Kd7 21. Nd2 Be7 22. Qxa7 Nxa6 23. bxa6 Rb8 24. Nf3 Qf6 25. d4 Rhc8 26. Ne5+ Kd8 27. Rfe1 Bb4 28. Re2 f3 29. gxf3 1-0

[Event "Maranhense-ch"]
[Site "Sao Luis"]
[Date "2012.06.09"]
[Round "4"]
[White "Dias, Yuri de Carlos Sant"]
[Black "Fernandes Filho, Bergson Fragoso"]
[Result "0-1"]
[WhiteElo "2134"]
[BlackElo "2158"]
[PlyCount "104"]
[EventDate "2012.06.07"]
[EventType "swiss"]
[EventRounds "7"]
[EventCountry "BRA"]
[SourceTitle "EXT 2022"]
[Source "ChessBase"]
[SourceDate "2021.10.06"]
[SourceVersion "1"]
[SourceVersionDate "2021.10.06"]
[SourceQuality "1"]

1. d4 Nf6 2. c4 c5 3. Nf3 cxd4 4. Nxd4 Nc6 5. Nc3 g6 6. e4 d6 7. Be2 Bg7 8. Be3 0-0 9. 0-0 Nd7 10. Rc1 Nxd4 11. Bxd4 Bh6 12. f4 b6 13. Rb1 Bb7 14. Nd5 e6 15. Nc3 Nc5 16. Bxc5 dxc5 17. Qxd8 Raxd8 18. g3 Bg7 19. e5 f6 20. exf6 Bxf6 21. Bf3 Bxf3 22. Rxf3 Bxc3 23. bxc3 e5 24. a4 exf4 25. gxf4 Rf6 26. Kf2 Rd2+ 27. Kg3 Ra2 28. Rd1 Rxa4 29. Rd8+ Rf8 30. Rd7 Rf7 31. Rfd3 Rxc4 32. Rxf7 Kxf7 33. Rd7+ Kf6 34. Rxh7 Rxc3+ 35. Kg4 a5 36. Rb7 Rb3 37. Rc7 Rb1 38. Rc6+ Kf7 39. Kg5 Rg1+ 40. Kh4 Ke7 41. Rxb6 Kd7 42. Ra6 c4 43. Rxa5 Kc6 44. h3 Rg2 45. f5 c3 46. Ra3 g5+ 47. Kh5 Rg3 48. f6 c2 49. Ra1 Rxh3+ 50. Kxg5 Rf3 51. Rc1 Rf2 52. Kg6 Kb5 0-1

[Event "Fortaleza Brazil op 2nd"]
[Site "Fortaleza"]
[Date "2012.04.08"]
[Round "7"]
[White "Fernandes Filho, Bergson Fragoso"]
[Black "Pereira, Silvio Cunha"]
[Result "0-1"]
[WhiteElo "2147"]
[BlackElo "2298"]
[PlyCount "27"]
[EventDate "2012.04.05"]
[EventType "swiss"]
[EventRounds "7"]
[EventCountry "BRA"]
[SourceTitle "CBM 147 Extra"]
[Source "ChessBase"]
[SourceDate "2012.04.24"]
[SourceVersion "1"]
[SourceVersionDate "2012.04.24"]
[SourceQuality "1"]

1. e4 e5 2. Nf3 Nc6 3. Bc4 Bc5 4. b4 Bxb4 5. c3 Ba5 6. d4 d6 7. dxe5 dxe5 8. Bxf7+ Kxf7 9. Nxe5+ Ke8 10. Qh5+ g6 11. Nxg6 Nf6 12. Qh6 Rg8 13. Nf4 Ne5 14. 0-0 0-1